| 000 | 00487nam a2200181 4500 | ||
|---|---|---|---|
| 003 | SEACOMMC | ||
| 005 | 20250505153937.0 | ||
| 008 | 250225b |||||||| |||| 00| 0 eng d | ||
| 020 |
_a 81-766-4020-2. _cRs.230.00 |
||
| 040 | _aSEACOMMC | ||
| 082 |
_a658.7 _bJ 59 |
||
| 100 | _aJhamb, L. C | ||
| 245 | 1 |
_aMaterials and Logistics Management / _cL. C. Jhamb |
|
| 250 | _a10th ed. | ||
| 260 |
_a Pune _b Everest Publishing House _c 2008 |
||
| 650 | _a Logistics Management | ||
| 942 | _cBOOK | ||
| 999 |
_c1105 _d1105 |
||